<?xml version="1.0" encoding="UTF-8"?>
<record
    xmlns:xsi="http://www.w3.org/2001/XMLSchema-instance"
    xsi:schemaLocation="http://www.loc.gov/MARC21/slim http://www.loc.gov/standards/marcxml/schema/MARC21slim.xsd"
    xmlns="http://www.loc.gov/MARC21/slim">

  <leader>00858nam a2200229Ia 4500</leader>
  <controlfield tag="001">17567</controlfield>
  <controlfield tag="003">GE_BSU</controlfield>
  <controlfield tag="008">181216s||||||||xx |||||||||||||| ||und||</controlfield>
  <datafield tag="040" ind1=" " ind2=" ">
    <subfield code="c">GE_BSU</subfield>
  </datafield>
  <datafield tag="080" ind1=" " ind2=" ">
    <subfield code="a">697(035.5)</subfield>
  </datafield>
  <datafield tag="100" ind1=" " ind2=" ">
    <subfield code="a">&#x429;&#x435;&#x43A;&#x438;&#x43D;,&#x420;.&#x412;. &#x41A;&#x43E;&#x440;&#x435;&#x43D;&#x435;&#x432;&#x441;&#x43A;&#x438;&#x439;,&#x421;.&#x41C;. &#x411;&#x435;&#x43D;,&#x413;.&#x415;. &#x438; &#x434;&#x440;.</subfield>
  </datafield>
  <datafield tag="245" ind1=" " ind2=" ">
    <subfield code="a">&#x421;&#x43F;&#x440;&#x430;&#x432;&#x43E;&#x447;&#x43D;&#x438;&#x43A; &#x43F;&#x43E; &#x442;&#x435;&#x43F;&#x43B;&#x43E;&#x441;&#x43D;&#x430;&#x431;&#x436;&#x435;&#x43D;&#x438;&#x44E; &#x438; &#x432;&#x435;&#x43D;&#x442;&#x438;&#x43B;&#x44F;&#x446;&#x438;&#x438;. &#x41A;&#x43D;&#x438;&#x433;&#x430; &#x43F;&#x435;&#x440;&#x432;&#x430;&#x44F;: &#x43E;&#x442;&#x43E;&#x43F;&#x43B;&#x435;&#x43D;&#x438;&#x435; &#x438; &#x442;&#x435;&#x440;&#x43B;&#x43E;&#x441;&#x43D;&#x430;&#x431;&#x436;&#x435;&#x43D;&#x438;&#x435;.</subfield>
  </datafield>
  <datafield tag="245" ind1=" " ind2=" ">
    <subfield code="c">&#x420;&#x435;&#x434;. &#x410;.&#x413;.&#x413;&#x440;&#x438;&#x446;&#x435;&#x43D;&#x43A;&#x43E;, &#x41A;.&#x412;.&#x411;&#x435;&#x433;&#x435;&#x440;.</subfield>
  </datafield>
  <datafield tag="250" ind1=" " ind2=" ">
    <subfield code="a">&#x418;&#x437;&#x434;. 4-&#x435;, &#x43F;&#x435;&#x440;&#x435;&#x440;. &#x438; &#x434;&#x43E;&#x43F;&#x43E;&#x43B;.</subfield>
  </datafield>
  <datafield tag="260" ind1=" " ind2=" ">
    <subfield code="a">&#x41A;&#x438;&#x435;&#x432;.</subfield>
  </datafield>
  <datafield tag="260" ind1=" " ind2=" ">
    <subfield code="b">&#x411;&#x443;&#x434;i&#x432;&#x435;&#x43B;&#x44C;&#x43D;&#x438;&#x43A;.</subfield>
  </datafield>
  <datafield tag="260" ind1=" " ind2=" ">
    <subfield code="c">1976.</subfield>
  </datafield>
  <datafield tag="300" ind1=" " ind2=" ">
    <subfield code="a">416 &#x441;&#x442;&#x440;. 22 &#x441;&#x43C;.</subfield>
  </datafield>
  <datafield tag="300" ind1=" " ind2=" ">
    <subfield code="e">196 &#x442;&#x430;&#x431;&#x43B;. 81 &#x440;&#x438;&#x441;.</subfield>
  </datafield>
  <datafield tag="653" ind1=" " ind2=" ">
    <subfield code="a">&#x421;&#x43F;&#x440;&#x430;&#x432;&#x43E;&#x447;&#x43D;&#x438;&#x43A; &#x43F;&#x43E; &#x442;&#x435;&#x43F;&#x43B;&#x43E;&#x441;&#x43D;&#x430;&#x431;&#x436;&#x435;&#x43D;&#x438;&#x44E; &#x438; &#x432;&#x435;&#x43D;&#x442;&#x438;&#x43B;&#x44F;&#x446;&#x438;&#x438;.</subfield>
  </datafield>
  <datafield tag="942" ind1=" " ind2=" ">
    <subfield code="c">BK</subfield>
  </datafield>
  <datafield tag="999" ind1=" " ind2=" ">
    <subfield code="c">50617</subfield>
    <subfield code="d">50617</subfield>
  </datafield>
  <datafield tag="952" ind1=" " ind2=" ">
    <subfield code="0">0</subfield>
    <subfield code="1">0</subfield>
    <subfield code="4">0</subfield>
    <subfield code="7">0</subfield>
    <subfield code="9">69268</subfield>
    <subfield code="d">2018-12-17</subfield>
    <subfield code="p">10334</subfield>
    <subfield code="r">2018-12-17</subfield>
    <subfield code="w">2018-12-17</subfield>
    <subfield code="y">BK</subfield>
  </datafield>
</record>
